[Event "Wch Seniors 50 (Women) 29th"]
[Site "Bucharest"]
[Date "2019.11.14"]
[Round "3"]
[White "Monastyrenko, Nataliya"]
[Black "Berend, Elvira S"]
[Result "0-1"]
[WhiteElo "1053"]
[BlackElo "2349"]
[PlyCount "100"]
[EventDate "2019.11.12"]
[EventType "swiss"]
[EventRounds "11"]
[EventCountry "ROU"]
[SourceTitle "CBM 193 Extra"]
[Source "ChessBase"]
[SourceDate "2020.01.31"]
[SourceVersion "1"]
[SourceVersionDate "2020.01.31"]
[SourceQuality "1"]

1. e4 c5 2. Nf3 e6 3. d4 cxd4 4. Nxd4 Nc6 5. Be2 Nf6 6. Nc3 d6 7. 0-0 Be7 8. Be3 0-0 9. f4 a6 10. a3 Bd7 11. Bf3 Rc8 12. Qe1 Na5 13. Be2 Nc4 14. Bxc4 Rxc4 15. Rc1 Ng4 16. Qg3 Nxe3 17. Qxe3 Bf6 18. Rcd1 Qc7 19. Rd3 Rc8 20. f5 Qd8 21. fxe6 fxe6 22. Nf3 Qc7 23. Nd4 Rf8 24. Rf3 Qc5 25. e5 Qxe5 26. Qxe5 dxe5 27. Nb3 Be8 28. Nd2 Rc7 29. Nde4 Bg6 30. Nxf6+ gxf6 31. Rd2 f5 32. Rfd3 Rff7 33. Na4 f4 34. Rd8+ Kg7 35. Nb6 e4 36. c3 e3 37. Rd1 Bc2 38. Re1 Bb3 39. Nc8 Rfd7 40. Re8 Rd2 41. h3 Bd5 42. Re7+ Rxe7 43. Nxe7 Rxg2+ 44. Kf1 Rxb2 45. Nxd5 exd5 46. Re2 Rxe2 47. Kxe2 Kf6 48. Kf3 Ke5 49. h4 h5 50. a4 a5 0-1

[Event "Eurasia Cup op"]
[Site "Ekaterinburg"]
[Date "2019.07.31"]
[Round "1"]
[White "Monastyrenko, Nataliya"]
[Black "Fedotov, Alexey"]
[Result "0-1"]
[WhiteElo "1053"]
[BlackElo "2148"]
[PlyCount "64"]
[EventDate "2019.07.31"]
[EventType "swiss"]
[EventRounds "9"]
[EventCountry "RUS"]
[SourceTitle "CBM 191 Extra"]
[Source "ChessBase"]
[SourceDate "2019.09.30"]
[SourceVersion "1"]
[SourceVersionDate "2019.09.30"]
[SourceQuality "1"]

1. e4 c6 2. d4 d5 3. e5 Bf5 4. Bd3 Bxd3 5. Qxd3 e6 6. a4 Nd7 7. Bd2 c5 8. b3 cxd4 9. Nf3 Ne7 10. 0-0 Nc6 11. Re1 Be7 12. c3 dxc3 13. Nxc3 0-0 14. Nb5 a6 15. Nd6 Ndxe5 16. Nxe5 Nxe5 17. Rxe5 Bxd6 18. Rh5 g6 19. Rh6 Be5 20. Re1 Bg7 21. Rh3 Rc8 22. Qg3 Qf6 23. Kf1 Rc2 24. Bf4 Rfc8 25. Bg5 Qf5 26. Be3 d4 27. Bf4 e5 28. Bh6 Bxh6 29. Rxh6 Rc1 30. f3 Qd3+ 31. Kg1 Qe3+ 32. Kf1 Rxe1+ 0-1

[Event "EU-ch Seniors 50 19th"]
[Site "Rhodes"]
[Date "2019.04.12"]
[Round "7"]
[White "Grant, Glynis"]
[Black "Monastyrenko, Nataliya"]
[Result "1-0"]
[WhiteElo "1318"]
[BlackElo "1085"]
[PlyCount "101"]
[EventDate "2019.04.06"]
[EventType "swiss"]
[EventRounds "9"]
[EventCountry "GRE"]
[SourceTitle "CBM 189 Extra"]
[Source "ChessBase"]
[SourceDate "2019.06.03"]
[SourceVersion "1"]
[SourceVersionDate "2019.06.03"]
[SourceQuality "1"]

1. e4 e6 2. d4 d5 3. exd5 exd5 4. Nf3 Nf6 5. Be2 Be7 6. 0-0 0-0 7. Nbd2 c5 8. c3 Nc6 9. Ne5 Nxe5 10. dxe5 Ne4 11. Nf3 Be6 12. Qc2 c4 13. Be3 Qc7 14. Bd4 b5 15. Ne1 Qc8 16. f4 Bf5 17. Qc1 Qe6 18. Qe3 Qg6 19. Kh1 h5 20. Bf3 h4 21. Bxe4 Bxe4 22. Nf3 Qh5 23. Rg1 Rac8 24. Bxa7 Rc6 25. Raf1 Rg6 26. Nd2 Qf5 27. Nxe4 dxe4 28. Bd4 Rc8 29. a3 Rcc6 30. Re1 Rg4 31. Qxe4 Qxe4 32. Rxe4 g5 33. Rf1 Bc5 34. h3 Rg3 35. fxg5 Rxg5 36. Rxh4 Bxd4 37. cxd4 Kg7 38. Rhf4 Rc7 39. Kh2 Kg8 40. R1f2 Rg7 41. Rf5 c3 42. bxc3 Rxc3 43. d5 Rxa3 44. d6 Rd3 45. Rc2 b4 46. Rh5 Rh7 47. Rg5+ Rg7 48. Rh5 Rc3 49. Rxc3 bxc3 50. d7 Rh7 51. d8Q+ 1-0

[Event "EU-ch Seniors 50 19th"]
[Site "Rhodes"]
[Date "2019.04.08"]
[Round "3"]
[White "Van den Bersselaar, Jeroen"]
[Black "Monastyrenko, Nataliya"]
[Result "1-0"]
[WhiteElo "2142"]
[BlackElo "1085"]
[PlyCount "53"]
[EventDate "2019.04.06"]
[EventType "swiss"]
[EventRounds "9"]
[EventCountry "GRE"]
[SourceTitle "CBM 189 Extra"]
[Source "ChessBase"]
[SourceDate "2019.06.03"]
[SourceVersion "1"]
[SourceVersionDate "2019.06.03"]
[SourceQuality "1"]

1. d4 d5 2. c4 e6 3. Nf3 Nf6 4. g3 c6 5. Bg2 Nbd7 6. Qc2 h6 7. 0-0 Be7 8. b3 a5 9. Nc3 Bd6 10. Bb2 0-0 11. e4 dxe4 12. Nxe4 Nxe4 13. Qxe4 Nf6 14. Qe2 Re8 15. Rfd1 Bd7 16. Ne5 Re7 17. Rd3 Rb8 18. Rad1 Qf8 19. h4 c5 20. dxc5 Bxe5 21. Bxe5 Bc6 22. Bxb8 Rd7 23. Bxc6 Rxd3 24. Qxd3 Qxb8 25. Qd8+ Qxd8 26. Rxd8+ Kh7 27. Bxb7 1-0